000
00265nam a22001217a 4500
008
140102t xxu||||| |||| 00| 0 eng d
020
_a
81-7754-299-0
100
_a
M.M. Ranga
_9
483
245
_a
Bioinformatics
250
_a
2nd Ed.
300
_a
340
942
_2
ddc
_c
BK
999
_c
16755
_d
16755